| 000 | nam a22 7a 4500 | ||
|---|---|---|---|
| 999 |
_c9389 _d9389 |
||
| 008 | 180516b ||||| |||| 00| 0 eng d | ||
| 082 |
_22003 _aDFil 899.2103 _bJ57t |
||
| 100 |
_927900 _aJoaquin, Nick |
||
| 245 |
_aMay Day Eve/ _cNick Joaquin |
||
| 300 |
_apages 120-150; _b14 cm |
||
| 500 | _aTropical Gothic | ||
| 650 | 0 |
_927901 _aShort Stories, Philippine (English). |
|
| 942 |
_2ddc _cDFIL |
||